书目信息 |
| 题名: |
摄影及摄像基础
|
|
| 作者: | 萧潇 编著 ;劳动和社会保障部教材办公室 组织编写 | |
| 分册: | ||
| 出版信息: | 北京 中国劳动社会保障出版社 2006.06 |
|
| 页数: | 105页 | |
| 开本: | 26cm | |
| 丛书名: | ||
| 单 册: | ||
| 中图分类: | J41 | |
| 科图分类: | ||
| 主题词: | 摄影技术--she ying ji shu--职业教育--教材 , 电视摄影--dian shi she ying--拍摄技术--职业教育--教材 | |
| 电子资源: | ||
| ISBN: | 7-5045-2501-4 | |
| 000 | 01076nam0 2200265 450 | |
| 001 | 012007507599 | |
| 005 | 20071009095351.14 | |
| 010 | @a7-5045-2501-4@dCNY12.00 | |
| 100 | @a20070807d2006 km y0chiy0120 ea | |
| 101 | 0 | @achi |
| 102 | @aCN@b110000 | |
| 105 | @aa z 000yy | |
| 200 | 1 | @a摄影及摄像基础@Ashe ying ji she xiang ji chu@f劳动和社会保障部教材办公室组织编写@Flao dong he she hui bao zhang bu jiao cai ban gong shi zu zhi bian xie |
| 210 | @a北京@c中国劳动社会保障出版社@d2006.06 | |
| 215 | @a105页@c图@d26cm | |
| 300 | @a全国职业技术院校实用美术专业教材 | |
| 314 | @a责任者取自版权页。 | |
| 330 | @a本书内容包括: 摄影的基本概念、照相机、镜头、胶片、基本拍摄技术、黑白暗房制作工艺、专题摄影、不同条件下景物的拍摄等。 | |
| 606 | 0 | @a摄影技术@Ashe ying ji shu@x职业教育@j教材 |
| 606 | 0 | @a电视摄影@Adian shi she ying@x拍摄技术@x职业教育@j教材 |
| 690 | @aJ41@v4 | |
| 701 | 0 | @a萧潇@Axiao xiao@4编著 |
| 712 | 02 | @a劳动和社会保障部教材办公室@Alao dong he she hui bao zhang bu jiao cai ban gong shi@4组织编写 |
| 801 | 0 | @aCN@c20071009 |
| 905 | @dJ41@eX355 | |
| 摄影及摄像基础/劳动和社会保障部教材办公室组织编写.-北京:中国劳动社会保障出版社,2006.06 |
| 105页:图;26cm |
| 全国职业技术院校实用美术专业教材 |
| ISBN 7-5045-2501-4:CNY12.00 |
| 本书内容包括: 摄影的基本概念、照相机、镜头、胶片、基本拍摄技术、黑白暗房制作工艺、专题摄影、不同条件下景物的拍摄等。 |
| ● |
| 相关链接 |
|
|
|
正题名:摄影及摄像基础
索取号:J41/X355
 
预约/预借
| 序号 | 登录号 | 条形码 | 馆藏地/架位号 | 状态 | 备注 |
| 1 | 251366 | 202513663 | 社科库309/309社科库 83排3列3层/ [索取号:J41/X355] | 在馆 | |
| 2 | 251367 | 202513672 | 社科库309/309社科库 83排3列3层/ [索取号:J41/X355] | 在馆 | |
| 3 | 251368 | 202513681 | 社科库309/309社科库 83排3列3层/ [索取号:J41/X355] | 在馆 |